Turkey Euro 2024 Squad by Picture - Statistics

General Stats
  • This quiz has been taken 36 times
  • The average score is 12 of 16
Answer Stats
Picture Answer % Correct
Arda Güler
100%
Hakan Çalhanoğlu
100%
Kenan Yıldız
94%
Barış Alper Yılmaz
87%
Cenk Tosun
84%
Ferdi Kadıoğlu
81%
Merih Demiral
81%
Kerem Aktürkoğlu
74%
Orkun Kökçü
74%
Abdülkerim Bardakcı
71%
Mert Günok
61%
Salih Özcan
61%
Mert Müldür
58%
İrfan Can Kahveci
52%
Samet Akaydin
52%
İsmail Yüksek
48%
No matching quizzes found
Score Distribution
Percent of People with Each Score
Percentile by Number Answered
Your Score History
You have not taken this quiz